Progressive Geography Test #2 - Statistics

General Stats
  • This quiz has been taken 3,859 times
    1,856 since last reset
  • The average score is 11 of 20
Answer Stats
Question Answer % Correct
What is the tallest mountain in the world? Mount Everest
100%
What is the largest country in South America? Brazil
99%
Riyadh is the capital of which nation? Saudi Arabia
96%
What city surrounds the Vatican? Rome
95%
What is the capital of Nigeria? Abuja
84%
What body of water separates Africa from Europe? Mediterranean Sea
74%
What is the least populated U.S. state? Wyoming
74%
What country borders the Caspian Sea, the Persian Gulf, and the Gulf of Oman? Iran
72%
Which U.S. state borders Louisiana, Arkansas, Oklahoma and Chihuahua? Texas
71%
What is the capital of Madagascar? Antananarivo
65%
What is the deepest point on Earth's Oceans? Mariana Trench
65%
What city was formerly a British colony called Botany Bay? Sydney
46%
What is the longest river in the United Kingdom? River Severn
36%
Which river has the most tributaries? Amazon River
34%
What is the capital of Saskatchewan? Regina
28%
How many countries are in Africa? 54
27%
What city has the most bridges? Pittsburgh
22%
What country supplies the most immigrants to Qatar? India
19%
In which city is the world's largest KFC restaurant? Baku
7%
Which Hawaiian island is known as "Bird Island"? Nihoa
4%
No matching quizzes found
Score Distribution
Percent of People with Each Score
Percentile by Number Answered
Your Score History
You have not taken this quiz since the last reset